Missing Word: Pulitzer Prize Winning Fiction Quiz Stats

Quiz Updated Nov 16, 2015

Challenge
Share
Tweet
Embed
Score 0/20 Timer 03:00
0 Plays Today
Novel Missing Word % Correct
To _____ A MockingbirdKill
98.9%
_____ With the WindGone
97.9%
The _____ of WrathGrapes
97.8%
All the King's _____Men
97.3%
The Color _____Purple
96.7%
The Caine _____Mutiny
82.5%
The _____ EarthGood
79.8%
The Brief Wondrous _____ of Oscar WaoLife
72.7%
_____ DoveLonesome
72.4%
A _____ In The FamilyDeath
63.8%
Novel Missing Word % Correct
A Confederacy of _____Dunces
56.3%
The _____ of San Luis ReyBridge
54.7%
_____ of the South PacificTales
48.3%
A Visit from the _____ SquadGoon
43%
The Amazing _____ of Kavalier & ClayAdventures
39.3%
The Mambo _____ Play Songs of LoveKings
36.3%
Humboldt's _____Gift
19.7%
The _____ Master's SonOrphan
9.9%
_____ TeethDragon's
9.4%
A Good Scent from a _____ MountainStrange
5.8%

Today's Daily Dose

You're not logged in!

Compare scores with friends on all Sporcle quizzes.
Sign Up with Email
OR
Log In

You Might Also Like...

Show Comments

Extras

Top Quizzes Today


Score Distribution

Your Account Isn't Verified!

In order to create a playlist on Sporcle, you need to verify the email address you used during registration. Go to your Sporcle Settings to finish the process.

Report this User

Report this user for behavior that violates our Community Guidelines.

Details: